00886nam a2200277 i 450000100060000000300090000600500170001500700030003200800410003502000180007608000120009408000120010610000370011824500790015525000120023426000370024630000300028349000230031350400340033665000220037065000240039283000310041685200220044799900170046995201220048612555ES-MaACL20230906150337.0t|960822s1995 sp a |||| | spa j a84-281-0858-7 a801.311 a801.3131 aCaridad Arias, Joaquín.93524210aToponimia y mito b: el origen de los nombres / cJoaquín Caridad Arias. a1ª ed. aBarcelona : bOikos-Tau, c1995. a398 p. : bil. ; c24 cm.1 aOikos textos ; v6 aBibliografía: p. [349]-354. 4aToponimia.91755614aAntroponimia.999010 aOikos textos ; v69228312 aES-MaACLjL-19875 c12555d12555 00104070aATENEOMbATENEOMcDEPO2d2008-01-17eSCl0oL-19875p1012791r2023-02-23 00:00:00w2023-02-23yMONOGRAFIA